书目信息 |
| 题名: |
供需网合作优化模型及利益分配机制研究
|
|
| 作者: | 胡伟 著 | |
| 分册: | ||
| 出版信息: | 上海 上海财经大学出版社 2019.12 |
|
| 页数: | 142页 | |
| 开本: | 24cm | |
| 丛书名: | 系统优化与能源管理创意系列丛书 | |
| 单 册: | ||
| 中图分类: | TP393.02 , F273.7 | |
| 科图分类: | ||
| 主题词: | 计算机网络--ji suan ji wang lao--网络结构--优化模型--研究 , 企业管理--qi ye guan li--经济合作--利益分配--分配机制--研究 | |
| 电子资源: | ||
| ISBN: | 978-7-5642-3464-5 | |
| 000 | 01296nam 2200277 450 | |
| 001 | 0106081754 | |
| 005 | 20201106082043.0 | |
| 010 | @a978-7-5642-3464-5@dCNY56.00 | |
| 100 | @a20200713d2019 em y0chiy50 ea | |
| 101 | 0 | @achi |
| 102 | @aCN@b310000 | |
| 105 | @ay z 000yy | |
| 106 | @ar | |
| 200 | 1 | @a供需网合作优化模型及利益分配机制研究@Agong xu wang he zuo you hua mo xing ji li yi fen pei ji zhi yan jiu@f胡伟著 |
| 210 | @a上海@c上海财经大学出版社@d2019.12 | |
| 215 | @a142页@d24cm | |
| 225 | 2 | @a系统优化与能源管理创意系列丛书@Axi tong you hua yu neng yuan guan li chuang yi xi lie cong shu |
| 330 | @a本书共分八章:第一章是相关文献综述及问题的提出;第二章是对SDN系统的基础研究及复杂性分析,探讨了SDN系统产生非线性行为的根本原因,阐述了供需流熵、结构熵和合作创新能力熵的构建步骤以及SDN系统复杂性有序度的表示方法。第三章至第五章是对SDN企业合作优化的扩展研究;第六、七章是对SDN企业利益分配机制进行研究;第八章是对本书的总结。 | |
| 461 | 0 | @12001 @a系统优化与能源管理创意系列丛书 |
| 606 | 0 | @a计算机网络@Aji suan ji wang lao@x网络结构@x优化模型@x研究 |
| 606 | 0 | @a企业管理@Aqi ye guan li@x经济合作@x利益分配@x分配机制@x研究 |
| 690 | @aTP393.02@v5 | |
| 690 | @aF273.7@v5 | |
| 701 | 0 | @a胡伟@Ahu wei@4著 |
| 801 | 0 | @aCN@bBJSZM@c20201106 |
| 905 | @b1191116-9@dTP393.02@e1318@f4 | |
| 供需网合作优化模型及利益分配机制研究/胡伟著.-上海:上海财经大学出版社,2019.12 |
| 142页;24cm.-(系统优化与能源管理创意系列丛书) |
| ISBN 978-7-5642-3464-5:CNY56.00 |
| 本书共分八章:第一章是相关文献综述及问题的提出;第二章是对SDN系统的基础研究及复杂性分析,探讨了SDN系统产生非线性行为的根本原因,阐述了供需流熵、结构熵和合作创新能力熵的构建步骤以及SDN系统复杂性有序度的表示方法。第三章至第五章是对SDN企业合作优化的扩展研究;第六、七章是对SDN企业利益分配机制进行研究;第八章是对本书的总结。 |
| ● |
| 相关链接 |
|
|
|
|
正题名:供需网合作优化模型及利益分配机制研究
索取号:TP393.02/1318
 
预约/预借
| 序号 | 登录号 | 条形码 | 馆藏地/架位号 | 状态 | 备注 |
| 1 | 1191116 | 211911163 | 第二样本阅览室/ [索取号:TP393.02/1318] | 在馆 | |
| 2 | 1191117 | 211911172 | 第三借阅区/ [索取号:TP393.02/1318] | 在馆 | |
| 3 | 1191118 | 211911181 | 第三借阅区/ [索取号:TP393.02/1318] | 在馆 | |
| 4 | 1191119 | 211911190 | 第三借阅区/ [索取号:TP393.02/1318] | 在馆 |